000 00680nam a2200229Ia 4500
003 OSt
005 20220923231006.0
006 a|||||r|||| 00| 0
007 ta
008 220922b |||||||| |||| 00| 0 pan d
024 _a350,176
037 _cTextual
040 _aARTS
_cARTS
_bpan
041 _2pan
_apan
082 _aO153,3xN9, P3
100 _aਸਿੰਘ, ਰਘਬੀਰ, ਥਦ.
245 0 _aਵੀਹਵੀ੍ਵ ਸਦੀ ਦੀ ਪੰਜਾਬੀ ਕਹਾਣੀ
260 _c2003
650 _aਪੰਜਾਬੀ ਸਾਹਿਤ
942 _hO153,3xN9, P3
_cTEXL
_2CC
999 _c388651
_d388651